00656 2200229 4500001002100000005001500021035002500036008004100061040001700102082001400119090001800133100002900151245005000180260007800230300002400308650003400332850001200366084001600378041000800394990001200402990001200414YOGYA00000000002236320240823092320 a0010-081400000022081180711s1975 jbi 000 ind d aYOPDYOGbind04220a027.7 aL 027.7 SOE v0 aSoejono TrimoePengarang1 aVitalitas curriculum library /cSoejono Trimo31aBandung :bBiro Perpustakaan Institut Keguruan dan Ilmu Pendidikan,c1975 a17 halaman ;c27 cm 4aPerpustakaan perguruan tinggi aYOPDYOG a027.7 SOE v0 aind a14298-B a14298-B